000 00349 a2200157 4500
001 57342
020 _a8526240277
040 _cAnchieta - Pituba
100 _aSilva, Sônia Sena da
240 1 0 _aO frevo de quinze anos
_lpor
245 1 0 _aO frevo de quinze anos
300 _a63
362 0 _a2001
650 4 _aLiteratura juvenil
942 _cBK
999 _c57342
_d57342